Riesci a nominare 16 giocatori dell'Inter (2010-2020)? - Principiante - Statistics

Statistiche generali
  • Questo quiz è stato fatto 71 volte
  • Il punteggio medio è 14 su 16
Statistiche sulle risposte
con Immagini Risposta % Corretto
Mauro Icardi
100%
Antonio Cassano
98%
Lautaro Martinez
97%
Andrea Ranocchia
94%
Marcelo Brozovic
94%
Ivan Perisic
92%
Samir Handanovic
92%
Giampaolo Pazzini
91%
Rodrigo Palacio
91%
Antonio Candreva
88%
Milan Skriniar
86%
Danilo D'Ambrosio
83%
Fredy Guarin
82%
Diego Forlan
78%
Davide Santon
74%
Juan Jesus
71%
Nessun quiz corrispondente trovato
Distribuzione punteggi
Percentuale di utenti per punteggio
Percentile per numero di risposta
I tuoi punteggi nel tempo
Non hai fatto questo quiz